00381nam a2200157Ia 45000010006000000050017000060080041000230410008000640820020000721000031000922450040001232600009001633000035001726500008002076540008002152437520260414151038.0260414t2000||||xx |||||||||||||| ||spa|| aESP a345.7bC31 V. 1 aCarrión Lugo, JorgeeAUT 0aTratado de derecho procesal civilb c2000 axxxii, 461 páginas :c24 cm. aDER aCDE